002100000a220007300045001000028000002450029000283000046000577730033001031 aHahn, Eberhard (1953- )10aThe uniqueness of Christ aVol. 3, Núm 2 (1994), Páginas 137-1440 tEuropean Journal of Theology